Cận đại Việt sử diễn ca Q.1

Zapisane w:
Opis bibliograficzny
1. autor: Huỳnh, Thiên Kim
Kolejni autorzy: Huỳnh, Thiên Kim Bội
Format: Książka
Język:Undetermined
Wydane: Tp. Hồ Chí Minh Tổng hợp Tp. Hồ Chí Minh 2019
Hasła przedmiotowe:
Dostęp online:http://lrc.tdmu.edu.vn/opac/search/detail.asp?aID=2&ID=37486
Etykiety: Dodaj etykietę
Nie ma etykietki, Dołącz pierwszą etykiete!
Thư viện lưu trữ: Trung tâm Học liệu Trường Đại học Thủ Dầu Một
LEADER 00877nam a2200229Ia 4500
001 TDMU_37486
008 210410s9999 xx 000 0 und d
082 |a 959.7043 
090 |b H531 
100 |a Huỳnh, Thiên Kim 
245 0 |a Cận đại Việt sử diễn ca 
245 0 |c Huỳnh Thiên Kim; Huỳnh Thiên Kim Bội hiệu đính 
245 0 |n Q.1 
245 0 |p Từ Tây Sơn, Nguyễn Ánh phân tranh đến nước Nam trong thời âu chiến 
260 |a Tp. Hồ Chí Minh 
260 |b Tổng hợp Tp. Hồ Chí Minh 
260 |c 2019 
300 |a 456tr. 
650 |a Lịch sử Việt Nam  |x Nhà Nguyễn 
700 |a Huỳnh, Thiên Kim Bội 
856 |u http://lrc.tdmu.edu.vn/opac/search/detail.asp?aID=2&ID=37486 
980 |a Trung tâm Học liệu Trường Đại học Thủ Dầu Một